|
|
|
|
| LEADER |
00000nam a2200000 a 4500 |
| 001 |
vtls009344526 |
| 003 |
SK-MaSNL |
| 005 |
20260302043354.0 |
| 008 |
240314s2008 xo ob g 000 0 slo |
| 015 |
|
|
|a SNBA2008/09-04457
|
| 020 |
|
|
|a 9788096984343
|q (brož.)
|
| 035 |
|
|
|a F45D77A6-1809-4792-A8A3-402F3F8672DB
|
| 035 |
|
|
|a urn:nbn:sk:snk-amk7wm
|
| 035 |
|
|
|a urn:nbn:sk:snk-am008jpi
|
| 040 |
|
|
|a SNK
|b slo
|c SNK
|e AACR2
|
| 041 |
0 |
|
|a slo
|
| 043 |
|
|
|a e-xo---
|
| 044 |
|
|
|a xo
|c SK
|
| 072 |
|
7 |
|a 94(437)
|x Dejiny Česka a Slovenska
|2 konspekt
|
| 080 |
|
|
|a 94(437.6)
|2 2001
|
| 080 |
|
|
|a (082.2)
|2 2001
|
| 100 |
1 |
|
|a Žadanský, Juraj,
|d 1947-
|4 aut
|9 217285
|
| 245 |
1 |
0 |
|a Trnávka 1308-2008
|c Juraj Žadanský, Anna Žadanská
|
| 250 |
|
|
|a [1. vyd.]
|
| 260 |
|
|
|a Trnávka
|b Obecný úrad
|c 2008
|
| 300 |
|
|
|a 43 s., [13] s. fotogr. a mp. príl.
|b fotogr., mp.
|c 21 cm
|
| 500 |
|
|
|a Pre Obecný úrad v Trnávke vydalo vydav. Final
|
| 504 |
|
|
|a Bibliogr. s. 43
|
| 651 |
|
7 |
|a Trnávka (Dunajská Streda, Slovensko)
|2 SNKPH
|9 117179
|
| 655 |
|
7 |
|a jubilejné publikácie
|2 SNKPH
|9 70339
|
| 700 |
1 |
|
|a Žadanská, Anna,
|d 1946-
|4 aut
|9 217286
|
| 919 |
|
|
|a 978-80-969843-4-3
|
| 958 |
|
|
|a NB
|
| 958 |
|
|
|a OND
|
| 968 |
|
|
|d 93/94
|
| 999 |
|
|
|c 1086366
|d 1088296
|
| 952 |
|
|
|a SNK
|b SNK
|y PREZ
|7 0
|p 17A0601246
|o snkSC 133240
|i snk2008/18961
|8 0
|0 0
|1 0
|4 0
|d 2008-10-08
|f 1
|l 0
|r 2025-06-24 00:00:00
|w 2026-02-24
|
| 952 |
|
|
|a SNK
|b SNK
|y VYP
|7 0
|p 17A0604640
|o snkSC 133240 D1
|i snk2008/21677
|8 0
|0 0
|1 0
|4 0
|d 2008-11-10
|l 0
|r 2026-02-24 16:41:19
|w 2026-02-24
|